000 02859nam0a2200493 4500
001 RU\NLR\bibl\1354475
005 20260407201001.0
010 _a978-5-9926-0230-2
_9100
021 _aRU
_b2009-9936
_9579
035 _a(nilc)EL/0000254320
035 _a1VIL\RUSMED\0000135174
035 _a(NLR Aleph) 001339534
090 _a851891
_c851891
100 _a20090218d2008 |||y0rusy50 ca
101 0 _arus
_drus
_deng
102 _aRU
105 _aa |||||||||
200 1 _aМатериалы Международной научно-практической конференции, посвященной 60-летию института и 85-летию противолепрозной службы России, 16-17 октября 2008 г., г. Астрахань
_e[сборник научных статей]
210 _aАстрахань
_cАстраханский университет
_d2008
215 _a186 с.
_cил.
_d29
300 _aВ надзаг.: М-во здравоохранения и соц. развития РФ, Науч.-исслед. ин-т по изучению лепры, Федер. агентство по образованию, Астрах. гос. ун-т
300 _aРез. на англ. яз.
320 _aБиблиогр. в конце ст.
541 0 _aProceedings of International scientific-and-practical conference dedicated to 60th anniversary of Institute and 85th anniversary of antileprotic service of Russia, October 16-17, 2008
601 0 2 _aНИИ по изучению лепры
_cАстрахань
_xИстория
_92550461
_3RU\NLR\auth\661509241
606 1 _aПротиволепрозная помощь
_jСъезды, совещания и т.п.
_yРоссийская Федерация
_92550457
_3RU\NLR\auth\661509239
606 1 _aПротиволепрозная помощь
_jСъезды, совещания и т.п.
_yСССР
_92550455
_3RU\NLR\auth\661509238
686 _a76.29.50
_2rugasnti
686 _a76.01.13
_2rugasnti
686 _a76.02.43
_2rugasnti
686 _a76.75.75
_2rugasnti
686 _aC01.252.410.040.552.386
_v2009
_2MESH
686 _aN02.421.143
_v2009
_2MESH
686 _aР11(2)285.16я431
686 _aР514.865я431(0)
686 _aР.е(2)л21
710 1 2 _aМеждународная научно-практическая конференция, посвященная 60-летию Института и 85-летию противолепрозной службы России
_f2008
_eАстрахань
_3RU\NLR\AUTH\8810131607
_9759876
712 0 2 _4570
_aНИИ по изучению лепры
_cАстрахань
_3RU\NLR\AUTH\8810019199
_9536291
801 0 _aRU
_bЦНМБ
_c20090218
_gPSBO
801 1 _aRU
_bЦНМБ
_c20090218
801 2 _aRU
_bNLR
_c20090409
_grcr
942 _cBOOK
980 _aNB